000 00825nam a2200253Ia 4500
003 OSt
005 20220923211252.0
006 a|||||r|||| 00| 0
007 ta
008 Pun
020 _a9788178836119 (hbk)
_c200
024 _a270,969
037 _b667, 03/06/2013, H.K. Prakashan
_cTextual
040 _aARTS
_cARTS
_bPun
041 _2Pun
_aPun
082 _aO153,3NJI:g, Q0
100 _aਰਵੀ ਰਵਿੰਦਰ, ਥਦ.
245 0 _aਇਕ ਕਹਾਣੀ
_b ਦਸ ਦਿFਾਵਾਂ
260 _aਲੁਧਿਆਣਾ
_b ਚੇਤਨਾ ਪ੍ਰਕਾFਨ
_c2010
300 _a158ਪੰ
_ccm.
650 _aਪੰਜਾਬੀ ਸਾਹਿਤ
942 _hO153,3NJI:g, Q0
_cTEXL
_2CC
999 _c298002
_d298002